| 000 | 00589nam a22001937a 4500 | ||
|---|---|---|---|
| 008 | 181025b xxu||||| |||| 00| 0 spa d | ||
| 020 | _a978-987-1577-77-4 | ||
| 082 | 2 | 4 |
_220 _a336.2 |
| 100 | 1 |
_96682 _aCeteri, José Luis |
|
| 245 | 1 | 4 |
_aLos impuestos en Argentina / _cJosé Luis Ceteri. |
| 260 |
_aBuenos Aires : _bOsmar Buyatti, _c2012. |
||
| 300 | _a171 p. | ||
| 650 | 0 |
_aIMPUESTOS _99682 |
|
| 650 | 0 |
_2unescot _96684 _aIMPUESTO SOBRE LA RENTA |
|
| 650 | 0 |
_2unescot _96686 _aIMPUESTO AL VALOR AGREGADO |
|
| 651 | 0 |
_9326 _aARGENTINA |
|
| 942 |
_2ddc _cLIBRO |
||
| 980 |
_81943 _gVALERIA BEATRIZ DOMÍNGUEZ |
||
| 999 |
_c4400 _d4400 |
||